Novel Imaging Techniques in the Management of Thyroid Nodules and Autoimmune Thyroid Disease (Record no. 13128)
[ view plain ]
| 000 -LEADER | |
|---|---|
| fixed length control field | 00665nam a2200133Ia 4500 |
| 008 - FIXED-LENGTH DATA ELEMENTS--GENERAL INFORMATION | |
| fixed length control field | 220615s9999||||xx |||||||||||||| ||und|| |
| 020 ## - INTERNATIONAL STANDARD BOOK NUMBER | |
| International Standard Book Number | 9782890000000 |
| 245 #0 - TITLE STATEMENT | |
| Title | Novel Imaging Techniques in the Management of Thyroid Nodules and Autoimmune Thyroid Disease |
| 546 ## - LANGUAGE NOTE | |
| Language note | English[eng] |
| 650 ## - SUBJECT ADDED ENTRY--TOPICAL TERM | |
| Topical term or geographic name entry element | thyroid nodules||thyroid cancer||Graves Disease||subacute thyroiditis||autoimmune thyroid disease |
| 700 ## - ADDED ENTRY--PERSONAL NAME | |
| Personal name | Ruchala, Marek||Klubo-Gwiezdzinska, Joanna||Szczepanek-Parulska, Ewelina |
| 856 ## - ELECTRONIC LOCATION AND ACCESS | |
| Uniform Resource Identifier | <a href="https://www.frontiersin.org/research-topics/8450/novel-imaging-techniques-in-the-management-of-thyroid-nodules-and-autoimmune-thyroid-disease#articles">https://www.frontiersin.org/research-topics/8450/novel-imaging-techniques-in-the-management-of-thyroid-nodules-and-autoimmune-thyroid-disease#articles</a> |
| 942 ## - ADDED ENTRY ELEMENTS (KOHA) | |
| Koha item type | E-Books |
| Withdrawn status | Lost status | Damaged status | Not for loan | Home library | Current library | Date acquired | Total Checkouts | Date last seen | Price effective from | Koha item type |
|---|---|---|---|---|---|---|---|---|---|---|
| Kerala University of Digital Sciences, Innovation and Technology Knowledge Centre | Kerala University of Digital Sciences, Innovation and Technology Knowledge Centre | 15/06/2022 | 15/06/2022 | 15/06/2022 | E-Books |